Relaciones humanas : (Registro nro. 4940)
[ vista simple ]
| 000 -LEADER | |
|---|---|
| fixed length control field | 00924nam a2200217Ia 4500 |
| 003 - CONTROL NUMBER IDENTIFIER | |
| control field | OSt |
| 005 - DATE AND TIME OF LATEST TRANSACTION | |
| control field | 20200408131731.0 |
| 008 - FIXED-LENGTH DATA ELEMENTS--GENERAL INFORMATION | |
| fixed length control field | 191128s1953 ag gr 000 0 spa d |
| 040 ## - CATALOGING SOURCE | |
| Original cataloging agency | CO-JMCR |
| Transcribing agency | CO-JMCR |
| 041 0# - LANGUAGE CODE | |
| Language code of text/sound track or separate title | spa |
| 082 04 - DEWEY DECIMAL CLASSIFICATION NUMBER | |
| Classification number | 301.11 / |
| Item number | C116r |
| 100 1# - MAIN ENTRY--PERSONAL NAME | |
| Personal name | Cabot, Hugh, |
| Relator term | autor |
| 9 (RLIN) | 2821 |
| 245 10 - TITLE STATEMENT | |
| Title | Relaciones humanas : |
| Remainder of title | conceptos y casos en la ciencia social concreta : II casos / |
| Statement of responsibility, etc. | Hugh Cabot, Joseph A. Kahl |
| 260 ## - PUBLICATION, DISTRIBUTION, ETC. | |
| Place of publication, distribution, etc. | Buenos Aires : |
| Name of publisher, distributor, etc. | Bibliográfica Omeba, |
| Date of publication, distribution, etc. | 1953 |
| 300 ## - PHYSICAL DESCRIPTION | |
| Extent | 335 páginas ; |
| Dimensions | 19 cm. |
| 490 0# - SERIES STATEMENT | |
| Series statement | América en letras |
| 520 ## - SUMMARY, ETC. | |
| Summary, etc. | la comprension de las relaciones humanas se fundamenta en la íntima relación entre la observación de los hechos sociales y la sistemática reflexión acerca de ellos. Si no partimos de una observación cuidadosa de los echos herméticos y complejos. |
| 650 14 - SUBJECT ADDED ENTRY--TOPICAL TERM | |
| Topical term or geographic name entry element | Relaciones humanas |
| 9 (RLIN) | 871 |
| 700 1# - ADDED ENTRY--PERSONAL NAME | |
| Personal name | Joseph A. Kahl, |
| Relator term | autor |
| 9 (RLIN) | 2822 |
| 942 ## - ADDED ENTRY ELEMENTS (KOHA) | |
| Source of classification or shelving scheme | Dewey Decimal Classification |
| Koha item type | Books |
| Withdrawn status | Lost status | Source of classification or shelving scheme | Materials specified (bound volume or other part) | Damaged status | Not for loan | Home library | Current library | Shelving location | Date acquired | Source of acquisition | Cost, normal purchase price | Total Checkouts | Full call number | Barcode | Date last seen | Copy number | Price effective from | Koha item type |
|---|---|---|---|---|---|---|---|---|---|---|---|---|---|---|---|---|---|---|
| Dewey Decimal Classification | Donación--15/04/2018-- | Biblioteca Pública José María del Castillo y Rada | Biblioteca Pública José María del Castillo y Rada | General Stacks | 11/28/2019 | Donación | 0.00 | 301.11 / C116r | 430001040 | 05/16/2024 | Ej.2 | 11/28/2019 | Books |